Zakladanie stavieb a podzemné stavby

Bibliographic Details
Main Authors: Peter, Pavel, 1918-1997 (Author), Klepsatel, František, 1935-2020 (Author)
Format: Book
Language:Slovak
PhysicalDescription:403 s. grafy, sch., tab. 29 cm
Published: Bratislava Slovenská vysoká škola technická 1980
Edition:1. vyd.
Series:Vysokoškolské učebné texty
Subjects:

MARC

LEADER 00000cam a2200000 a 4500
001 vtls001101237
003 SK-MaSNL
005 20260301092547.0
008 240318s1980 xo a e n 00000 slo
015 |a SNBA1980 
035 |a SNK000044079 
040 |a SNK  |b slo  |c SNK  |e AACR2 
041 0 |a slo 
044 |a xo  |c SK 
080 |a 624.15:627(075.8)  |2 1981 
080 |a 627(075.8)  |2 1981 
080 |a 627  |2 1981 
080 |a 624.15(075.8)  |2 1981 
080 |a 624.19(075.8)  |2 1981 
100 1 |a Peter, Pavel,  |d 1918-1997  |4 aut  |9 198968 
245 1 0 |a Zakladanie stavieb a podzemné stavby  |c Pavel Peter, František Klepsatel 
250 |a 1. vyd. 
260 |a Bratislava  |b Slovenská vysoká škola technická  |c 1980 
300 |a 403 s.  |b grafy, sch., tab.  |c 29 cm 
490 1 |a Vysokoškolské učebné texty 
504 |a Bibliogr. odkazy 
650 0 7 |a podzemné stavby  |2 SNKPH  |9 67983 
650 0 7 |a zakladanie stavieb  |2 SNKPH  |9 24946 
655 7 |a učebnice vysokých škôl  |2 SNKPH  |9 70191 
700 1 |a Klepsatel, František,  |d 1935-2020  |4 aut  |9 190643 
810 2 |a Slovenská vysoká škola technická v Bratislave  |t Vysokoškolské učebné texty  |9 423573 
830 0 |a Vysokoškolské učebné texty  |9 276539 
958 |a NB 
958 |a RM 
958 |a UV 
958 |a OND 
999 |c 674375  |d 676305 
952 |a SNK  |b SNK  |y PREZ  |7 0  |p 17A0987723  |o snkSB 30975  |i snkKSP 8944/80  |0 0  |1 0  |4 0  |d 2014-10-22  |l 0  |r 2025-04-04 00:00:00  |w 2026-02-23 
952 |a SNK  |b SNK  |y VYP  |7 0  |o snkSB 30975 D1  |i snkKSP 8945/80  |0 0  |1 0  |4 0  |d 2014-10-22  |l 0  |r 2026-02-23 19:37:43  |w 2026-02-23